|
|
|
|
| LEADER |
01445nam a2200361Ia 4500 |
| 001 |
EBC167680 |
| 003 |
MiAaPQ |
| 005 |
20200520144314.0 |
| 006 |
m o d | |
| 007 |
cr cn||||||||| |
| 008 |
050913r20031990enk sb 001 0 eng d |
| 010 |
|
|
|z 91174804
|
| 020 |
|
|
|z 0203168771
|
| 020 |
|
|
|z 0044456190
|
| 035 |
|
|
|a (MiAaPQ)EBC167680
|
| 035 |
|
|
|a (Au-PeEL)EBL167680
|
| 035 |
|
|
|a (CaPaEBR)ebr10070720
|
| 035 |
|
|
|a (CaONFJC)MIL11099
|
| 035 |
|
|
|a (OCoLC)437077191
|
| 040 |
|
|
|a MiAaPQ
|c MiAaPQ
|d MiAaPQ
|
| 050 |
|
4 |
|a HF1379
|b .F67 2003
|
| 100 |
1 |
|
|a Forstner, Helmut.
|
| 245 |
1 |
0 |
|a Competing in a global economy
|h [electronic resource] :
|b an empirical study on specialization and trade in manufactures /
|c prepared for the United Nations Industrial Development Organization by Helmut Forstner & Robert Ballance.
|
| 260 |
|
|
|a London ;
|a Boston :
|b Unwin Hyman,
|c 2003.
|
| 300 |
|
|
|a xvi, 225 p.
|
| 504 |
|
|
|a Includes bibliographical references (p. 214-220) and indexes.
|
| 533 |
|
|
|a Electronic reproduction. Ann Arbor, MI : ProQuest, 2015. Available via World Wide Web. Access may be limited to ProQuest affiliated libraries.
|
| 650 |
|
0 |
|a International trade
|x Mathematical models.
|
| 650 |
|
0 |
|a Competition, International.
|
| 655 |
|
4 |
|a Electronic books.
|
| 700 |
1 |
|
|a Ballance, Robert H.
|
| 710 |
2 |
|
|a ProQuest (Firm)
|
| 856 |
4 |
0 |
|u https://ebookcentral.proquest.com/lib/matrademy/detail.action?docID=167680
|z Click to View
|